Wohnen im Eigenen Haus Einfamilienhauser (Record no. 169)

000 -LEADER
fixed length control field 00287nam a2200109Ia 4500
008 - FIXED-LENGTH DATA ELEMENTS--GENERAL INFORMATION
fixed length control field 200302s9999 xx 000 0 und d
100 ## - MAIN ENTRY--PERSONAL NAME
Personal name Von Gerhard Schwab
245 ## - TITLE STATEMENT
Title Wohnen im Eigenen Haus Einfamilienhauser
260 ## - PUBLICATION, DISTRIBUTION, ETC.
Name of publisher, distributor, etc. kari Kramer Verlag stuttgaart
260 ## - PUBLICATION, DISTRIBUTION, ETC.
Date of publication, distribution, etc. 1977
300 ## - PHYSICAL DESCRIPTION
Extent 112 P.,
Holdings
Withdrawn status Lost status Damaged status Not for loan Permanent Location Current Location Date acquired Cost, normal purchase price Total Checkouts Full call number Barcode Date last seen Date last checked out Price effective from Koha item type
        BMS College of Architecture, Design and Planning BMS College of Architecture, Design and Planning 2020-03-03 68.00 1 728.3 CL-UG18816 2023-04-29 2023-04-28 2020-03-03 UG Books from CL
Copyright © 2025, The Librarian, Library and Information Centre, BMSCA D&P, Bengaluru. All Rights Reserved
web counter

Powered by Koha